000 00595nam a2200241Ia 4500
003 OSt
005 20220924150213.0
006 a|||||r|||| 00| 0
007 ta
008 220923b |||||||| |||| 00| 0 tel d
020 _c45.00
024 _a332260
037 _cTextual
040 _aARTS
_cARTS
_btel
041 _2tel
_atel
082 _a035,1:g(Q22:417), M9
100 _aMaulana Au.
_9221499
245 0 _aGeyalu
260 _c1989
650 _aTELUGU LITERATURE
942 _h035,1:g(Q22:417), M9
_cTEXL
_2CC
999 _c462541
_d462541